|
|
|
|
| LEADER |
01613nam a22003737a 4500 |
| 001 |
37062 |
| 003 |
BD-DhAAL |
| 005 |
20200219125742.0 |
| 008 |
200219t2003 ii 000 1 eng d |
| 999 |
|
|
|c 41967
|d 41967
|
| 010 |
|
|
|a 2003318921
|
| 020 |
|
|
|a 0143029649
|
| 020 |
|
|
|a 9780143029649
|
| 025 |
|
|
|a I-E-2003-318921; 25
|
| 035 |
|
|
|a (DLC) 2003318921
|
| 037 |
|
|
|b Library of Congress -- New Delhi Overseas Office
|c Rs250.00
|
| 040 |
|
|
|a DLC
|c DLC
|d DLC
|d BD-DhAAL
|
| 041 |
1 |
|
|a eng
|h ben
|
| 042 |
|
|
|a lcode
|
| 050 |
0 |
0 |
|a MLCS 2003/01591 (P)
|a PK1730.29.U463
|
| 082 |
|
|
|a 891.44371
|2 23
|
| 100 |
1 |
|
|a Mukhopadhyay, Sirshendu,
|d 1935-
|9 39365
|
| 240 |
1 |
0 |
|a Br̥shṭira ghrāṇa.
|l English
|
| 245 |
1 |
0 |
|a Waiting for rain :
|b a novel /
|c Sirshendu Mukhopadhyay ; translated from the Bengali by Nilanjan Bhattacharya.
|
| 260 |
|
|
|a New Delhi ;
|a New York :
|b Penguin Books,
|c 2003.
|
| 300 |
|
|
|a 220 pages ;
|c 21 cm.
|
| 526 |
|
|
|a AAL
|
| 541 |
|
|
|a Hye Trade International
|e 37062, 37063
|
| 650 |
|
|
|a Bengali fiction
|y 20th century
|v Translations into English.
|9 39366
|
| 700 |
1 |
|
|a Bhattacharya, Nilanjan.
|9 39367
|
| 852 |
|
|
|a Ayesha Abed Library
|c General Stacks
|
| 942 |
|
|
|2 ddc
|c BK
|
| 952 |
|
|
|0 0
|1 0
|2 ddc
|4 0
|6 891_443710000000000_MUK
|7 0
|9 67854
|a BRACUL
|b BRACUL
|c GEN
|d 2020-02-06
|e Hye Trade International
|g 799.00
|l 7
|m 38
|o 891.44371 MUK
|p 3010037063
|r 2026-04-08
|s 2026-03-07
|t 2
|v 799.00
|w 2020-02-06
|y BK
|
| 952 |
|
|
|0 0
|1 0
|2 ddc
|4 0
|6 891_443710000000000_MUK
|7 0
|9 67855
|a BRACUL
|b BRACUL
|c GEN
|d 2020-02-06
|e Hye Trade International
|g 799.00
|l 4
|m 13
|o 891.44371 MUK
|p 3010037062
|r 2025-09-10
|s 2025-08-28
|t 1
|v 799.00
|w 2020-02-06
|y BK
|